Sports Quiz

Random Sports or NHL Quiz

NHL Champions 1978-1997 (Multiple Choice) Quiz Stats

Quiz not verified by Sporcle

Challenge
Share
Tweet
Embed
Score 0/20 Timer 04:00
0 Plays Today
Question Answer Wrong Answers
1980-1981 New York Islanders
93.7%
Minnesota North Stars
3%
1981-1982 New York Islanders
93.7%
Vancouver Canucks
3.3%
1978-1979 Montreal Canadiens
93%
New York Rangers
4.6%
1993-1994 New York Rangers
92.4%
Vancouver Canucks
2%
1977-1978 Montreal Canadiens
91.7%
Boston Bruins
6.6%
1984-1985 Edmonton Oilers
91.7%
Philadelphia Flyers
3.6%
1995-1996 Colorado Avalanche
90.7%
Florida Panthers
3%
1996-1997 Detroit Red Wings
90.7%
Philadelphia Flyers
3%
1986-1987 Edmonton Oilers
90.4%
Philadelphia Flyers
5.6%
1990-1991 Pittsburgh Penguins
90.1%
Minnesota North Stars
3.3%
1991-1992 Pittsburgh Penguins
90.1%
Chicago Blackhawks
4.3%
1987-1988 Edmonton Oilers
89.7%
Boston Bruins
5.3%
1992-1993 Montreal Canadiens
89.4%
Los Angeles Kings
4.6%
1989-1990 Edmonton Oilers
89.1%
Boston Bruins
5.3%
1979-1980 New York Islanders
88.7%
Philadelphia Flyers
8.3%
1983-1984 Edmonton Oilers
84.4%
New York Islanders
10.9%
1988-1989 Calgary Flames
82.5%
Montreal Canadiens
11.6%
1982-1983 New York Islanders
81.5%
Edmonton Oilers
14.9%
1985-1986 Montreal Canadiens
78.8%
Calgary Flames
16.2%
1994-1995 New Jersey Devils
74.8%
Detroit Red Wings
19.2%

You're not logged in!

Compare scores with friends on all Sporcle quizzes.
Sign Up with Email
OR
Log In

You Might Also Like...

Show Comments

Extras

Top Quizzes Today


Score Distribution

Your Account Isn't Verified!

In order to create a playlist on Sporcle, you need to verify the email address you used during registration. Go to your Sporcle Settings to finish the process.

Report this User

Report this user for behavior that violates our Community Guidelines.

Details: